000 00685nam a22002177a 4500
999 _c15412
_d15412
003 AR-CdUCM
008 190427b ||||| |||| 00| 0 spa d
040 _aMUNICIPALIDAD PROVINCIAL DEL CUSCO
_cBIBLIOTECA MUNICIPAL DEL CUSCO
082 _a869.56 /
_bS84
100 _aStubbs, Ricardo Walter
_914088
245 _aEl quinto jinete /
260 _aLima :
_bPublicidad Americana,
_c1944.
300 _a111 páginas ;
_c19 cm.
440 _aColección clarines
_934480
505 _aContenido: Rapsodia I -- Rapsodia II -- Rapsodia III...
650 _aPoesías peruanas
_91481
650 _aSiglo XX
_98
650 _aPerú
_935
942 _2ddc
_cLIBROS
945 _adavv
_d27/04/2019